• 首页
  • 本馆介绍
  • 公告通知
  • 最新文献
  • 馆藏检索
  • 电子资源
  • 读者导购
  • 参考咨询
  • 我的图书馆
  • 登录
  • 详细信息显示
  • 放入我的书架
  • 预约/预借图书
  • 作者相关作品
  • 分类相关作品
  • 丛书相关作品
  • 出版社相关作品

书目信息

  • 表格格式
  • 工作单格式
  • 卡片格式
题名:
惠施 公孙龙评传
    
 
作者: 杨俊光 著
分册:  
出版信息: 南京   南京大学出版社  2011.4
页数: 344页
开本: 23cm
丛书名: 中国思想家评传丛书
单 册:
中图分类: B225.35 , B225.45
科图分类:
主题词:
电子资源:
ISBN: 978-7-305-05900-1
000 01118oam2 2200301 45
001 515
005 20120531152426.76
010    @a978-7-305-05900-1@dCNY45.00
100    @a20120328d2011 em y0chiy50 ea
101 0  @achi@deng@eeng
102    @aCN@b320000
105    @ay z 001yb
106    @ar
200 1  @a惠施 公孙龙评传@AHui Shi Gong Sun Long Ping Chuan@f杨俊光著@FYang Jun Guang Zhu
210    @a南京@c南京大学出版社@d2011.4
215    @a344页@d23cm
225 2  @a中国思想家评传丛书@e典藏版
330    @a本书对这两位传主的生平、著作、思想体系、社会作用和历史地位等等方面,在广泛地吸取前人考证、注释、研究成果的基础上,运用马克思主义理论,从历史上直到今天的研究状况和存在问题出发,作了比较详尽的研究,得出了一系列新的结论和比较公允的评价。
461  0 @12001 @a中国思想家评传丛书
600  0 @a惠施@f(前370-前310)@x评传
600  0 @a公孙龙@f(前320-前250)@x评传
600  0 @a惠施@f(前370-前310)
600  0 @a公孙龙@f(前320-前250)
690    @aB225.35@v4
690    @aB225.45@v4
701  0 @a杨俊光@AYang Jun Guang@4著
801  0 @aCN@bTSTCL@c20120328
905    @b0810820-24@dB225.35@e404@f5
    
    惠施 公孙龙评传/杨俊光著.-南京:南京大学出版社,2011.4
    344页;23cm.-(中国思想家评传丛书:典藏版)
    
    
    ISBN 978-7-305-05900-1:CNY45.00
    本书对这两位传主的生平、著作、思想体系、社会作用和历史地位等等方面,在广泛地吸取前人考证、注释、研究成果的基础上,运用马克思主义理论,从历史上直到今天的研究状况和存在问题出发,作了比较详尽的研究,得出了一系列新的结论和比较公允的评价。
●
相关链接 在E读中查询图书 在五车中查询图书 在当当中查询图书 在豆瓣中查询图书


正题名:惠施 公孙龙评传     索取号:B225.35/404         预约/预借

序号 登录号 条形码 馆藏地/架位号 状态 备注
1 0810820   208108206   第一样本阅览室/ [索取号:B225.35/404] 在馆    
2 0810821   208108215   第一借阅区/ [索取号:B225.35/404] 在馆    
3 0810822   208108224   第一借阅区/ [索取号:B225.35/404] 在馆    
4 0810823   208108233   第一借阅区/ [索取号:B225.35/404] 在馆    
5 0810824   208108242   第一借阅区/ [索取号:B225.35/404] 在馆    
唐山师范学院图书馆 欢迎您!
大连网信软件有限公司© 版权所有